000 00594 a2200181 4500
020 _a0065024702
020 _a9780065024708
082 0 4 _a332
090 _c2597
_d2597
100 1 _aPinches, George E.
245 1 0 _aFinancial management /
_cGeorge E. Pinches.
260 _a[S.l.] :
_bAddison-Wesley,
_c1999.
300 _a1088 p. ;
_c24 cm.
500 _aHardcover.
856 4 0 _3Amazon.com
_uhttp://www.amazon.com/exec/obidos/ASIN/0065024702/chopaconline-20
856 4 0 _3Amazon customer reviews
_uhttp://www.chopac.org/cgi-bin/tools/azrev.pl?q=0065024702
942 _aNBS
_cBK
_k658.15 PIN
999 _c345091
_d345091